| 000 | 00738nam a22002057a 4500 | ||
|---|---|---|---|
| 999 |
_c15144 _d15144 |
||
| 003 | OSt | ||
| 082 | _2631.7 LAK/EF | ||
| 088 | _aP 232 | ||
| 100 |
_aLAKSHMI K. G _93441 |
||
| 245 | _aEffects of tillage on soil hydraulic properties in sandy loam soil | ||
| 260 |
_aTavanur 2011 _bDepartment of Land and Water Resources and Conservation Engineering |
||
| 300 | _a68 | ||
| 500 | _aEffects of tillage on soil hydraulic properties in sandy loam soil | ||
| 520 | _aEffects of tillage on soil hydraulic properties in sandy loam soil | ||
| 700 |
_aPrasanth V _93442 |
||
| 700 |
_aSharika T _93443 |
||
| 700 |
_aEr. Priya G. Nair (Guide) _93444 |
||
| 856 | _uhttps://drive.google.com/open?id=1ZnFuvHdrdlQBTCHg-w8CnH-8iu3JKfA1 | ||
| 942 | _cPR | ||